00379nam a2200097 a 4500008004100000050001500041245005700056246010500113260005400218350000900272120416s1991 ||||||||||||||||| || u aTJ 755 Ins10aProceedings of the Institute of Mechanical Engineers ainternal combustion engine research in Universities, Polytechnics and Colleges, conference...January aLondonbInstitution of Mechanical engineersc1991 a0.00